00535cam a22001337a 4500008004000000082002200040245012000062260004800182300001100230650004800241650003200289650003800321700004200359180718b1989 xxu||||| |||| 00| 0 eng d aR6:BA27x5413 In2R aReport on socio-economic conditions of scheduled tribe labour at Rourkela (1987)cby Shram Bureau, Shram Mantralaya aDelhibThe Controller of Publicationsc1989 a170+p. aWork environment - India - Bihar - Rourkela aRourkela - Scheduled tribes aLabour - India - Bihar - Rourkela aIndia. Shram Mantralaya. Shram Bureau